Formula 1 Car Names 2020 - Statistics

General Stats
  • This quiz has been taken 827 times
  • The average score is 4 of 10
Answer Stats
Hint Answer % Correct
Mercedes W11
88%
Red Bull RB16
82%
Ferrari SF1000
52%
McLaren MCL35
44%
Alpha Tauri AT01
43%
Williams FW43
33%
Racing Point RP20
30%
Haas VF-20
30%
Alfa Romeo C39
26%
Renault RS20
24%
No matching quizzes found
Score Distribution
Percent of People with Each Score
Percentile by Number Answered
Your Score History
You have not taken this quiz